Score 0/20 Timer 04:00
0 Plays Today
Question Answer Wrong Answers
Big 1980s
95.2%
1990s
3.1%
2000s
1.3%
2010s
0.1%
The Da Vinci Code 2000s
89.2%
1980s
0.2%
1990s
3.1%
2010s
6.2%
Captain Phillips 2010s
88.8%
1980s
0.5%
1990s
1.5%
2000s
7.3%
Splash 1980s
86.2%
1990s
8.6%
2000s
2.3%
2010s
1%
Philadelphia 1990s
81.7%
1980s
9.3%
2000s
5%
2010s
0.5%
A League of Their Own 1990s
81.2%
1980s
10.8%
2000s
6%
2010s
0.4%
Sully 2010s
81%
1980s
1.6%
1990s
1.6%
2000s
12.1%
Apollo 13 1990s
79.3%
1980s
3.9%
2000s
15.1%
2010s
1.4%
Catch Me If You Can 2000s
79.2%
1980s
1.2%
1990s
11.8%
2010s
4%
You've Got Mail 1990s
76.3%
1980s
8%
2000s
11.7%
2010s
0.5%
The Terminal 2000s
71.8%
1980s
0.8%
1990s
11.6%
2010s
12.6%
The Polar Express 2000s
70.4%
1980s
0.8%
1990s
16.7%
2010s
10.5%
Bridge of Spies 2010s
69.7%
1980s
2.9%
1990s
4.2%
2000s
22.5%
The Post 2010s
68.5%
1980s
3.2%
1990s
4.2%
2000s
20.1%
The Money Pit 1980s
67.3%
1990s
19.2%
2000s
6.3%
2010s
3.6%
That Thing You Do! 1990s
65%
1980s
13.8%
2000s
15.6%
2010s
2.2%
Charlie Wilson's War 2000s
64.9%
1980s
2.6%
1990s
15%
2010s
14.8%
Turner & Hooch 1980s
64.6%
1990s
27.6%
2000s
6.8%
2010s
0.2%
Punchline 1980s
45.3%
1990s
31.2%
2000s
12.3%
2010s
8.8%
Larry Crowne 2010s
29.3%
1980s
5%
1990s
22.6%
2000s
40%

Today's Daily Dose

Remove Ads.
Support Sporcle.
Get the best of Sporcle when you Go Orange. This ad-free experience offers more features, more stats, and more fun while also helping to support Sporcle. Thank you for becoming a member.

You're not logged in!

Compare scores with friends on all Sporcle quizzes.
OR
Log In

Show Comments

Extras

Top Quizzes Today


Score Distribution

Your Account Isn't Verified!

In order to create a playlist on Sporcle, you need to verify the email address you used during registration. Go to your Sporcle Settings to finish the process.

Report this User

Report this user for behavior that violates our Community Guidelines.

Details: